[Event "FRA-ch U26"]
[Site "Bastia"]
[Date "2024.04.07"]
[Round "8"]
[White "Pheng, Wissam"]
[Black "Harutyunyan, Safar"]
[Result "0-1"]
[WhiteElo "1975"]
[BlackElo "2266"]
[PlyCount "75"]
[EventDate "2024.04.06"]
[EventType "swiss"]
[EventRounds "9"]
[EventCountry "FRA"]
[SourceTitle "CB16_2024"]
[SourceDate "2024.04.17"]
[SourceVersion "1"]
[SourceVersionDate "2024.04.17"]
[SourceQuality "1"]

1. e4 c5 2. b3 Nf6 3. e5 Nd5 4. Bb2 g6 5. Qf3 Nb4 6. Na3 N8c6 7. Bc4 e6 8. Ne2 Bg7 9. Qg3 d5 10. Bb5 a6 11. Bxc6+ Nxc6 12. 0-0 0-0 13. f4 b5 14. d4 b4 15. Nb1 Qb6 16. Qf2 c4 17. a3 cxb3 18. cxb3 a5 19. a4 Ba6 20. Re1 Rac8 21. Nd2 h5 22. Rac1 Ne7 23. Nf3 Nf5 24. Ng3 Nxg3 25. hxg3 Bd3 26. Rc5 Rc7 27. Rxc7 Qxc7 28. Rc1 Qb7 29. Qd2 Be4 30. Ng5 Bf5 31. Rc5 Qa6 32. Qc1 Bh6 33. Nf3 Qd3 34. Rxa5 Qxb3 35. Kh2 Bg4 36. Nd2 Qd3 37. Nf1 Be2 38. Kg1 0-1

[Event "World-chT Rapid"]
[Site "Dusseldorf"]
[Date "2023.08.26"]
[Round "1.14"]
[White "Souleidis, Georgios"]
[Black "Pheng, Wissam"]
[Result "1/2-1/2"]
[WhiteElo "2419"]
[BlackElo "1940"]
[PlyCount "131"]
[EventDate "2023.08.26"]
[EventType "team-swiss (rapid)"]
[EventRounds "12"]
[EventCountry "GER"]
[SourceTitle "CBM 215 Extra"]
[Source "ChessBase"]
[SourceDate "2023.09.30"]
[SourceVersion "1"]
[SourceVersionDate "2023.09.30"]
[SourceQuality "1"]
[WhiteTeam "Team Chessemy.com"]
[BlackTeam "Lausanne Ecole Polytechnique"]
[WhiteTeamCountry "GER"]
[BlackTeamCountry "SUI"]

1. e4 Nf6 2. Nc3 d5 3. exd5 Nxd5 4. Bc4 Nb6 5. Bb3 Nc6 6. Qf3 e6 7. Nge2 Bc5 8. 0-0 0-0 9. d3 Nd7 10. Ne4 Nde5 11. Qg3 Bb6 12. Bg5 f6 13. Be3 Na5 14. Ba4 Bd7 15. Bxd7 Nxd7 16. Nd4 Qe7 17. Qh3 Bxd4 18. Bxd4 c5 19. Bc3 Nc6 20. Rae1 Nd4 21. Bxd4 cxd4 22. Re2 e5 23. f4 Rac8 24. Rfe1 Nc5 25. fxe5 fxe5 26. Nd2 Qf6 27. Nf3 e4 28. dxe4 d3 29. Rd2 dxc2 30. Rxc2 Nxe4 31. Rxc8 Qb6+ 32. Nd4 Qxd4+ 33. Qe3 Qxe3+ 34. Rxe3 Rxc8 35. Rxe4 Kf7 36. Rb4 b6 37. Kf2 Ke6 38. Kf3 Rc5 39. Re4+ Kf6 40. Rf4+ Ke6 41. Rg4 Kf6 42. Rh4 Kg6 43. Ra4 Rf5+ 44. Ke3 Re5+ 45. Kf2 a5 46. Rc4 Kf5 47. Rc7 Kf6 48. b3 Re4 49. Kf3 Rb4 50. Rc6+ Kf5 51. g4+ Ke5 52. Rc7 Kf6 53. h4 h6 54. Rc6+ Kf7 55. Rc7+ Kf6 56. Rc6+ Kf7 57. Kg3 Ke7 58. h5 b5 59. Ra6 a4 60. bxa4 Rxa4 61. Rb6 b4 62. Kh4 Kf7 63. Kg3 Ke7 64. Kh4 Kf7 65. Kg3 Ke7 66. Kh4 1/2-1/2

[Event "SUI-ch Blitz"]
[Site "Biel"]
[Date "2023.07.29"]
[Round "3"]
[White "Masserey, Yvan"]
[Black "Pheng, Wissam"]
[Result "1-0"]
[WhiteElo "2235"]
[BlackElo "1940"]
[PlyCount "37"]
[EventDate "2023.07.29"]
[EventType "swiss (blitz)"]
[EventRounds "13"]
[EventCountry "SUI"]
[SourceTitle "CBM 215 Extra"]
[Source "ChessBase"]
[SourceDate "2023.09.30"]
[SourceVersion "1"]
[SourceVersionDate "2023.09.30"]
[SourceQuality "1"]

1. e4 Nf6 2. e5 Nd5 3. Nc3 Nxc3 4. dxc3 d6 5. Nf3 dxe5 6. Qxd8+ Kxd8 7. Nxe5 Ke8 8. Bb5+ Bd7 9. Nxd7 Nxd7 10. Bf4 Kd8 11. 0-0-0 c6 12. Bc4 Ke8 13. Bxf7+ Kxf7 14. Rxd7 b6 15. Re1 Kf6 16. Rc7 c5 17. h4 h6 18. a4 g5 19. Be5+ 1-0

[Event "EU Universities Rapid"]
[Site "Lodz"]
[Date "2022.07.16"]
[Round "1.10"]
[White "Pheng, Wissam"]
[Black "Hollan, Martin"]
[Result "0-1"]
[WhiteElo "1863"]
[BlackElo "2399"]
[PlyCount "78"]
[EventDate "2022.07.16"]
[EventType "team-swiss (rapid)"]
[EventRounds "9"]
[EventCountry "POL"]
[SourceTitle "CBM 209 Extra"]
[Source "ChessBase"]
[SourceDate "2022.09.30"]
[SourceVersion "1"]
[SourceVersionDate "2022.09.30"]
[SourceQuality "1"]
[WhiteTeam "Swiss Inst of Technology"]
[BlackTeam "Praha Technical Univ"]
[WhiteTeamCountry "SUI"]
[BlackTeamCountry "CZE"]

1. e4 c5 2. b3 Nf6 3. e5 Nd5 4. Bb2 e6 5. Nf3 Nc6 6. c4 Nc7 7. g3 d6 8. exd6 Qxd6 9. a3 f6 10. Qe2 e5 11. Nh4 Be6 12. Bg2 0-0-0 13. 0-0 g5 14. Nf3 Bf5 15. Rc1 Bd3 16. Qd1 h5 17. b4 h4 18. Nc3 hxg3 19. hxg3 Qd7 20. Nd5 Nxd5 21. cxd5 Qxd5 22. Nxg5 Qd7 23. Ne4 Qh7 24. f3 Bxe4 25. fxe4 Bh6 26. Rxc5 Be3+ 27. dxe3 Rxd1+ 28. Rxd1 Qh2+ 29. Kf1 a6 30. a4 Rd8 31. Rcd5 Rxd5 32. exd5 Nxb4 33. Kf2 Qh7 34. e4 Qc7 35. Rd2 Qc4 36. Ba3 Kd8 37. Bf3 Qc3 38. Bxb4 Qxb4 39. d6 Qxd2+ 0-1

[Event "Biel ATO op 54th"]
[Site "Biel"]
[Date "2021.08.06"]
[Round "9"]
[White "Pheng, Wissam"]
[Black "Harish, Neeraj"]
[Result "1-0"]
[WhiteElo "1739"]
[BlackElo "1477"]
[PlyCount "49"]
[EventDate "2021.07.26"]
[EventType "swiss"]
[EventRounds "9"]
[EventCountry "SUI"]
[SourceTitle "EXT 2022"]
[Source "ChessBase"]
[SourceDate "2021.10.06"]
[SourceVersion "1"]
[SourceVersionDate "2021.10.06"]
[SourceQuality "1"]

1. c4 Nf6 2. Nc3 d5 3. cxd5 Nxd5 4. g3 g6 5. Bg2 Nxc3 6. bxc3 Bg7 7. Rb1 0-0 8. Rxb7 Bxb7 9. Bxb7 Nd7 10. Bxa8 Qxa8 11. f3 Qd5 12. Qc2 Qh5 13. Qa4 Nb6 14. Qxa7 Qf5 15. e4 Qb5 16. Qxc7 Na4 17. Ne2 Qd3 18. Kf2 f5 19. Nf4 Qc2 20. Ne6 Nxc3 21. Qxe7 Rf7 22. Qe8+ Bf8 23. Nxf8 Rxf8 24. Qe6+ Rf7 25. Qc8+ 1-0

[Event "Louviers op 12th"]
[Site "Louviers"]
[Date "2009.06.01"]
[Round "5"]
[White "Perrusset, Barbara"]
[Black "Pheng, Wissam"]
[Result "0-1"]
[WhiteElo "1817"]
[BlackElo "1400"]
[PlyCount "60"]
[EventDate "2009.05.30"]
[EventType "swiss"]
[EventRounds "6"]
[EventCountry "FRA"]
[SourceTitle "EXT 2011"]
[Source "ChessBase"]
[SourceDate "2010.11.26"]
[SourceVersion "1"]
[SourceVersionDate "2010.11.26"]
[SourceQuality "1"]

1. e4 e5 2. Nf3 Nc6 3. Nc3 Nf6 4. d4 exd4 5. Nxd4 Bb4 6. Nxc6 bxc6 7. Bd3 Qe7 8. 0-0 Bxc3 9. bxc3 0-0 10. Re1 Re8 11. Bg5 Qe6 12. Qf3 Ng4 13. Qg3 d6 14. f4 Nf6 15. Rab1 Kf8 16. e5 dxe5 17. Rxe5 Qg4 18. Bxf6 Qxg3 19. Bxg7+ Qxg7 20. Rh5 Qxc3 21. h3 Re1+ 22. Rxe1 Qxe1+ 23. Kh2 Qf2 24. Rxh7 Qxf4+ 25. Kh1 Rb8 26. c4 Kg8 27. Rh5 Rb2 28. a4 Rd2 29. Bh7+ Kf8 30. Bd3 Rd1+ 0-1

[Event "Louviers op 12th"]
[Site "Louviers"]
[Date "2009.05.31"]
[Round "3"]
[White "Marchandise, Frederic"]
[Black "Pheng, Wissam"]
[Result "1-0"]
[WhiteElo "1862"]
[BlackElo "1400"]
[PlyCount "83"]
[EventDate "2009.05.30"]
[EventType "swiss"]
[EventRounds "6"]
[EventCountry "FRA"]
[SourceTitle "EXT 2011"]
[Source "ChessBase"]
[SourceDate "2010.11.26"]
[SourceVersion "1"]
[SourceVersionDate "2010.11.26"]
[SourceQuality "1"]

1. c4 e6 2. Nc3 Nf6 3. g3 Bc5 4. Bg2 0-0 5. Nf3 Nc6 6. a3 b6 7. b4 Be7 8. Bb2 Bb7 9. Ne5 Nxe5 10. Bxb7 Rb8 11. Bg2 Nxc4 12. Bc1 c6 13. d3 Nd6 14. e4 Qc7 15. Bf4 Nfe8 16. Rc1 b5 17. 0-0 h6 18. Qh5 Nf6 19. Qe2 Nfe8 20. d4 a6 21. d5 Rb7 22. e5 Nc8 23. d6 Bxd6 24. exd6 Nexd6 25. Rfd1 f6 26. Qg4 Kh7 27. Be3 Qd8 28. Bc5 Qc7 29. Qd4 e5 30. Qd3+ f5 31. Bxd6 e4 32. Qd4 Nxd6 33. Qxd6 Qxd6 34. Rxd6 Rf7 35. Rcd1 g6 36. g4 fxg4 37. Bxe4 Rg7 38. Ne2 h5 39. Nf4 Kg8 40. Bxg6 Kf8 41. Nxh5 Rg8 42. Re1 1-0